[Event "GER-ch Youth U14 2020"]
[Site "Willingen"]
[Date "2020.10.20"]
[Round "1.16"]
[White "Bock, Marlon"]
[Black "Hecht, Jonas Christian"]
[Result "0-1"]
[WhiteElo "1776"]
[BlackElo "1764"]
[Annotator "NA RC"]
[PlyCount "76"]
[EventDate "2020.10.20"]
[EventType "swiss"]
[EventRounds "7"]
[EventCountry "GER"]
[SourceTitle "playchess.com"]
[Source "ChessBase"]
[SourceQuality "1"]
[TimeControl "40/5400+30:1800+30"]

1. f4 {[%emt 0:00:00]} d5 {[%emt 0:01:05]} 2. Nf3 {[%emt 0:00:00]} c5 {[%emt 0:00:57]} 3. b3 {[%emt 0:01:43]} Nc6 {[%emt 0:01:32]} 4. Bb2 {[%emt 0:01:33]} Nf6 {[%emt 0:00:32]} 5. e3 {[%emt 0:01:12]} Bg4 {[%emt 0:06:01]} 6. Be2 {[%emt 0:02:17]} e6 {[%emt 0:01:47]} 7. O-O {[%emt 0:02:06]} Bd6 {[%emt 0:04:41]} 8. Ne5 {[%emt 0:05:22]} Bxe2 {[%emt 0:00:34]} 9. Qxe2 {[%emt 0:00:05]} Qc7 {[%emt 0:04:12]} 10. Nxc6 {[%emt 0:03:48]} Qxc6 {[%emt 0:00:42]} 11. d3 {[%emt 0:01:44]} O-O-O {[%emt 0:05:39]} 12. Nd2 {[%emt 0:03:15]} Qc7 {[%emt 0:12:39]} 13. Nf3 {[%emt 0:04:13]} Rhg8 {[%emt 0:08:45]} 14. Rfc1 {[%emt 0:07:31]} d4 {[%emt 0:05:09]} 15. exd4 {[%emt 0:17:31]} Bxf4 {[%emt 0:00:22]} 16. Rf1 {[%emt 0:01:13]} cxd4 {[%emt 0:02:42]} 17. Bxd4 {[%emt 0:10:26]} Bxh2+ {[%emt 0:00:22]} 18. Nxh2 {[%emt 0:03:55]} Rxd4 {[%emt 0:00:13]} 19. Qf2 {[%emt 0:02:41]} Rd5 {[%emt 0:02:54]} 20. Qxa7 {[%emt 0:05:31]} Rc5 {[%emt 0:02:51]} 21. c4 {[%emt 0:04:34]} Qd6 {[%emt 0:10:12]} 22. Nf3 {[%emt 0:02:32]} b6 {[%emt 0:07:32]} 23. b4 {[%emt 0:04:28]} Rc7 {[%emt 0:04:24]} 24. Qa6+ {[%emt 0:01:22]} Kd8 {[%emt 0:01:54]} 25. d4 {[%emt 0:04:16]} Qxb4 {[%emt 0:04:10]} 26. Rfc1 {[%emt 0:02:24]} Qd6 {[%emt 0:03:39]} 27. c5 {[%emt 0:01:47]} Qf4 {[%emt 0:00:58]} 28. Qxb6 {[%emt 0:01:11]} g5 {[%emt 0:02:20]} 29. Qb8+ {[%emt 0:04:07]} Ke7 {[%emt 0:01:00]} 30. Qb4 {[%emt 0:00:21]} Nd5 {[%emt 0:02:22]} 31. Qa3 {[%emt 0:01:05]} g4 {[%emt 0:01:31]} 32. c6+ {[%emt 0:00:20]} Kd8 {[%emt 0:00:37]} 33. Rab1 {[%emt 0:01:18]} gxf3 {[%emt 0:00:25]} 34. Rb8+ {[%emt 0:00:25]} Rc8 {[%emt 0:00:04]} 35. c7+ {[%emt 0:00:42]} Kd7 {[%emt 0:00:31]} 36. Qa4+ {[%emt 0:00:19]} Ke7 {[%emt 0:00:15]} 37. Rxc8 {[%emt 0:00:36]} Rxg2+ {[%emt 0:00:16]} 38. Kf1 {[%emt 0:00:13]} Qxc1+ {[%emt 0:00:02]} 0-1

[Event "GER-ch Youth U14 2020"]
[Site "Willingen"]
[Date "2020.10.20"]
[Round "1.17"]
[White "Bungarten, Jona"]
[Black "Meuer, David"]
[Result "1-0"]
[WhiteElo "1834"]
[BlackElo "1632"]
[Annotator "NA RC"]
[PlyCount "57"]
[EventDate "2020.10.20"]
[EventType "swiss"]
[EventRounds "7"]
[EventCountry "GER"]
[SourceTitle "playchess.com"]
[Source "ChessBase"]
[SourceQuality "1"]
[TimeControl "40/5400+30:1800+30"]

{[%evp 8,47,31,23,27,25,32767,32767,32767,32767,32767,32767,32767,32767,32767,0,0,0,7,32767,10,-18,0,-34,-21,-28,-12,-23,0,0,50,51,458,32767,1236,366,32767,989,32767,32767,29993,29991]} 1. e4 {[%emt 0:00:00]} e6 {[%emt 0:00:00]} 2. d4 {[%emt 0:00:00]} d5 {[%emt 0:00:00]} 3. Nd2 {[%emt 0:00:00]} c5 {[%emt 0:00:00]} 4. exd5 {[%emt 0:00:00]} Qxd5 {[%emt 0:00:00]} 5. Ngf3 {[%emt 0:00:34]} cxd4 {[%emt 0:03:13]} 6. Bc4 {[%emt 0:00:08]} Qd6 {[%emt 0:00:11]} 7. O-O {[%emt 0:00:59]} Nf6 {[%emt 0:00:22]} 8. Nb3 {[%emt 0:00:29]} Nc6 {[%emt 0:03:22]} 9. Nbxd4 {[%emt 0:02:02]} Nxd4 {[%emt 0:00:09]} 10. Nxd4 {[%emt 0:00:24]} a6 {[%emt 0:00:13]} 11. c3 {[%emt 0:02:20]} Qc7 {[%emt 0:03:05]} 12. Bb3 {[%emt 0:03:50]} Bd6 {[%emt 0:02:06]} 13. h3 {[%emt 0:01:45]} O-O {[%emt 0:04:11]} 14. Qf3 {[%emt 0:01:00] C07: French Tarrasch: 3...c5, 4 Ngf3 and 4 exd5 Qxd5.} b6 {[%emt 0:07:49] [#]} 15. Bg5 $146 {[%emt 0:05:25]} ({Predecessor:} 15. Qxa8 Bb7 16. Qxf8+ Bxf8 17. Bd1 e5 18. Nf5 Nd5 19. Bf3 Qd7 20. Rd1 Qe6 21. Ng3 Bc5 {0-1 (37) Dobrovolsky,L (2380)-Antonsen,M (2390) Tastrup 1992}) 15... Bb7 {[%emt 0:01:22]} 16. Qe2 {[%emt 0:03:05]} Ne4 {[%emt 0:19:34]} 17. Be3 {[%emt 0:04:05]} h6 {[%emt 0:10:36]} 18. Bc2 {[%emt 0:03:35]} Rfd8 {[%emt 0:02:27] [#]} 19. Bxh6 $1 {[%emt 0:15:17]} Nxf2 $2 {[%emt 0:06:13]} ({Better is} 19... Nxc3 $1 $14 20. Qg4 (20. bxc3 gxh6 21. Qd3 Kf8 $14) 20... f5) 20. Rxf2 {[%emt 0:01:13]} gxh6 {[%emt 0:02:03] [#]} (20... Bg3 $142 21. Rff1 Be5) 21. Qh5 $2 {[%emt 0:11:32]} (21. Nxe6 $1 {[%mdl 512]} Bh2+ {[#]} (21... fxe6 22. Qxe6+) 22. Kh1 $1 {[%mdl 512]}) 21... Bc5 {[%emt 0:13:46]} 22. Qxh6 {[%emt 0:04:27]} Bxd4 23. cxd4 {[%emt 0:01:21]} Rd7 {[%emt 0:07:16]} 24. Raf1 {[%emt 0:02:12]} f6 {[%emt 0:06:52]} 25. Rxf6 {[%emt 0:01:37]} Rg7 {[%emt 0:02:32]} 26. Bh7+ {[%emt 0:00:33]} Kh8 {[%emt 0:00:25]} 27. Rf8+ {[%emt 0:00:06]} Rxf8 {[%emt 0:00:16]} 28. Rxf8+ {[%emt 0:00:06]} Rg8 {[%emt 0:00:14]} 29. Rxg8# {[%emt 0:00:07]} 1-0

[Event "GER-ch Youth U14 2020"]
[Site "Willingen"]
[Date "2020.10.20"]
[Round "1.18"]
[White "Kageler, Anton Paul"]
[Black "Spriestersbach, Kai"]
[Result "1-0"]
[WhiteElo "1664"]
[BlackElo "1863"]
[Annotator "NA RC"]
[PlyCount "139"]
[EventDate "2020.10.20"]
[EventType "swiss"]
[EventRounds "7"]
[EventCountry "GER"]
[SourceTitle "playchess.com"]
[Source "ChessBase"]
[SourceQuality "1"]
[TimeControl "40/5400+30:1800+30"]

1. e4 {[%emt 0:00:00]} c5 {[%emt 0:00:00]} 2. Nf3 {[%emt 0:00:00]} a6 {[%emt 0:00:00]} 3. d4 {[%emt 0:00:04]} cxd4 {[%emt 0:00:00]} 4. Nxd4 {[%emt 0:00:15]} Nf6 {[%emt 0:00:00]} 5. Nc3 {[%emt 0:00:15]} e5 {[%emt 0:00:04]} 6. Nb3 {[%emt 0:05:09]} Bb4 {[%emt 0:00:36]} 7. Bg5 {[%emt 0:07:33]} h6 {[%emt 0:03:27]} 8. Bh4 {[%emt 0:07:08] B28: Sicilian: 2 Nf3 a6 (O'Kelly Variation).} d6 {[%emt 0:10:20] [#]} 9. Qd3 $146 {[%emt 0:05:44]} ({Predecessor:} 9. f3 Be6 10. Qd2 Nxe4 11. fxe4 Qxh4+ 12. g3 Bxc3 13. gxh4 Bxd2+ 14. Nxd2 Nc6 15. Bc4 Nd4 {0-1 (49) Amiridou,D (1555)-Papathanasiou,E (1534) Kallithea 2008}) 9... Nbd7 {[%emt 0:19:14]} 10. O-O-O {[%emt 0:09:34]} Bxc3 {[%emt 0:01:07]} 11. bxc3 {[%emt 0:07:23]} Qc7 {[%emt 0:02:10]} 12. f3 {[%emt 0:03:56]} O-O {[%emt 0:10:59]} (12... Ke7 $1 $11 {keeps the balance.}) 13. Qxd6 {[%emt 0:08:16]} Qxc3 {[%emt 0:07:47]} 14. Rd3 {[%emt 0:02:04]} Qc6 {[%emt 0:01:26]} (14... Qc4 $16) 15. Qxc6 {[%emt 0:00:36]} bxc6 {[%emt 0:00:06]} 16. Rc3 {[%emt 0:10:09]} Bb7 {[%emt 0:03:34]} (16... a5 $16 {is a better defense.} 17. Rxc6 a4) 17. Na5 {[%emt 0:01:24]} Rfb8 {[%emt 0:01:07]} 18. Nxc6 {[%emt 0:05:53]} Bxc6 {[%emt 0:00:09]} 19. Rxc6 {[%emt 0:00:11]} Rb4 {[%emt 0:06:27]} 20. Bc4 {[%emt 0:03:09]} a5 {[%emt 0:01:21]} 21. c3 {[%emt 0:02:49]} Rb6 {[%emt 0:01:58]} 22. Rxb6 {[%emt 0:01:58]} Nxb6 {[%emt 0:00:05]} 23. Bb5 {[%emt 0:00:28]} Rc8 {[%emt 0:01:05]} 24. Kc2 {[%emt 0:01:49]} Nc4 {[%emt 0:03:24]} 25. Bxc4 {[%emt 0:04:45]} Rxc4 {[%emt 0:00:07]} 26. Rd1 {[%emt 0:00:22]} Nh5 {[%emt 0:01:09]} 27. Bg3 {[%emt 0:04:00]} Nxg3 {[%emt 0:00:57]} 28. hxg3 {[%emt 0:00:02]} f5 {[%emt 0:02:03]} 29. exf5 {[%emt 0:01:02]} Kf7 {[%emt 0:00:47]} 30. Rd5 {[%emt 0:01:03]} Kf6 {[%emt 0:00:18]} 31. Rxa5 {[%emt 0:01:09]} Kxf5 {[%emt 0:00:06]} 32. Kd3 {[%emt 0:00:25]} Rc7 {[%emt 0:00:14]} 33. c4 {[%emt 0:03:52]} g5 {[%emt 0:00:36]} 34. c5 {[%emt 0:00:58]} Rd7+ {[%emt 0:02:53]} 35. Ke3 {[%emt 0:00:38]} Rd4 {[%emt 0:01:58]} 36. Ra6 {[%emt 0:02:04]} h5 {[%emt 0:00:06]} 37. Rd6 {[%emt 0:00:56]} Rc4 {[%emt 0:00:36]} 38. c6 {[%emt 0:00:34]} Rc3+ {[%emt 0:04:03]} 39. Kd2 {[%emt 0:00:35]} Rc5 {[%emt 0:00:13]} 40. Kd3 {[%emt 0:00:53]} h4 {[%emt 0:00:22]} 41. gxh4 {[%emt 0:30:36]} gxh4 {[%emt 0:30:07]} 42. a4 {[%emt 0:00:00]} Kf4 $2 {[%emt 0:00:00]} (42... Rc1 {might work better.}) 43. Rg6 {[%emt 0:00:00]} Kf5 {[%emt 0:00:00]} 44. Rg4 {[%emt 0:00:00]} Rxc6 {[%emt 0:00:00]} 45. Rxh4 {[%emt 0:00:00]} Rc1 {[%emt 0:00:00]} 46. Re4 {[%emt 0:00:00]} Ra1 {[%emt 0:00:00]} 47. g4+ {[%emt 0:00:00]} Kf6 {[%emt 0:00:00]} 48. Ke3 {[%emt 0:00:00]} Ra3+ {[%emt 0:00:00]} 49. Kf2 {[%emt 0:00:00]} Ra2+ {[%emt 0:00:00]} 50. Kg3 {[%emt 0:00:00]} Ra3 {[%emt 0:00:00]} 51. g5+ {[%emt 0:00:00]} Kf5 {[%emt 0:00:00]} 52. Kg2 {[%emt 0:00:00]} Ra2+ {[%emt 0:00:00]} 53. Kg3 {[%emt 0:00:00]} Rb2 {[%emt 0:00:00]} 54. g6 {[%emt 0:00:00]} Kxg6 {[%emt 0:00:00]} 55. Rxe5 {[%emt 0:00:00]} Kf6 {[%emt 0:00:00]} 56. Rb5 {[%emt 0:00:00]} Rc2 {[%emt 0:00:00]} 57. a5 {[%emt 0:00:00]} Rc4 {[%emt 0:00:00]} 58. f4 {[%emt 0:00:00]} Rc1 {[%emt 0:00:00]} 59. Kf3 {[%emt 0:00:00]} Ra1 {[%emt 0:00:00]} 60. f5 {[%emt 0:00:57]} Re1 {[%emt 0:00:00]} 61. Kf4 {[%emt 0:00:37]} Rf1+ {[%emt 0:00:00]} 62. Ke4 {[%emt 0:00:15]} Re1+ {[%emt 0:00:00]} 63. Kd3 {[%emt 0:00:21]} Rc1 {[%emt 0:00:00]} 64. Kd4 {[%emt 0:00:21]} Rc2 {[%emt 0:00:00]} 65. Rc5 {[%emt 0:00:10]} Rb2 {[%emt 0:00:52]} 66. Kc4 {[%emt 0:00:28]} Rb1 {[%emt 0:00:21]} 67. Rb5 {[%emt 0:00:13]} Rc1+ {[%emt 0:00:11]} 68. Kb4 {[%emt 0:00:19]} Rb1+ {[%emt 0:00:13] [#]} 69. Kc5 $1 {[%emt 0:00:47]} Rc1+ {[%emt 0:01:39]} 70. Kb6 1-0

[Event "GER-ch Youth U14 2020"]
[Site "Willingen"]
[Date "2020.10.20"]
[Round "1.19"]
[White "Schubert, Nikita"]
[Black "Bilous, Danylo"]
[Result "1-0"]
[WhiteElo "1946"]
[BlackElo "1723"]
[Annotator "TA"]
[PlyCount "111"]
[EventDate "2020.10.20"]
[EventType "swiss"]
[EventRounds "7"]
[EventCountry "GER"]
[SourceTitle "playchess.com"]
[Source "ChessBase"]
[SourceQuality "1"]

{[%evp 20,111,37,6,10,-2,26,24,29,45,71,39,47,26,43,0,27,0,21,18,71,53,58,60,59,76,48,-12,-14,-6,-10,-19,0,0,0,0,25,-66,-91,-68,184,184,184,0,0,-70,-11,-102,-105,-148,0,0,0,0,0,0,0,0,0,0,0,0,0,0,132,48,132,150,477,478,436,196,429,257,268,241,232,225,29981,29982,29982,29983,29983,29984,29984,29985,29985,29986,29986,29987,29988,29989,29990,29990]} 1. d4 Nf6 2. c4 g6 3. Nf3 Bg7 4. g3 O-O 5. Bg2 d5 6. O-O dxc4 7. Na3 Nc6 8. Nxc4 Be6 9. b3 Bd5 10. Bb2 a5 11. Nfe5 Bxg2 {D77: Fianchetto Grünfeld: 6 0-0: Replies other than 6...c6.} 12. Kxg2 Qd5+ 13. f3 Rfd8 {[%cal Rc6d4] White has an edge.} 14. e4 Qb5 15. Nxc6 (15. a4 {feels hotter.} Qa6 16. Nxc6 Qxc6 17. d5 Qa6 18. Qc2) 15... Qxc6 16. Rc1 Qa6 17. Qc2 c6 {[#]} 18. Rfd1 $146 ({Predecessor:} 18. Ne5 Nd7 19. Nd3 a4 20. Qc4 axb3 21. axb3 Qa7 22. Ra1 Qb6 23. Qb4 Rxa1 24. Rxa1 Qxb4 25. Nxb4 {0-1 (45) Voiteanu,C (2248)-Jianu,V (2542) Bucharest 2007}) 18... Bh6 19. Rb1 Qb5 (19... a4 $11) 20. Ba3 Kf8 21. Bc5 Nd7 22. a4 Qa6 23. Ba3 (23. Ra1 $14) 23... b5 $11 24. Ne5 $1 $36 {[%cal Re5c6][%mdl 2048] White fights for an advantage.} Nxe5 25. dxe5 b4 26. Bc1 Bxc1 27. Rbxc1 c5 28. Kf2 ({White should try} 28. Rd5 $11) 28... Qe6 $1 $15 29. f4 Rd4 $2 {[%mdl 8192]} (29... Rac8 $15 {keeps the upper hand.}) 30. Rxd4 $1 $18 cxd4 {[%mdl 4096] Endgame [#] KQR-KQR} 31. Qd3 $2 (31. Qc6 $1 $18 {[%cal Rc6a8]} Qxc6 32. Rxc6) 31... g5 32. Rc4 (32. fxg5 $11 Qxe5 33. Rc6) 32... Qh3 ({Better is} 32... gxf4 $15 33. gxf4 Rd8) 33. Kg1 (33. fxg5 $11 Qxh2+ 34. Kf3) 33... gxf4 $17 34. Rxd4 Rc8 (34... fxg3 $17 35. Qxg3 Qh6) 35. Rd8+ $11 Kg7 36. Rxc8 Qxc8 37. gxf4 {KQ-KQ} Qc1+ 38. Kg2 Qc3 39. Qg3+ Kf8 40. Kh3 Ke8 41. Kh4 {Qg8+ is the strong threat.} Kd7 (41... Kf8 $11 {remains equal.}) 42. Qg4+ (42. Kh5 $16) 42... Kc7 {[#]} (42... e6 $14) 43. Qg5 $1 $16 {[%cal Rg5e7]} Qxb3 $2 (43... Kd7 $16 {is a better chance.}) 44. Qxe7+ $18 Kb6 45. Qd8+ (45. Qd6+ $142 Kb7 46. Qd7+ Ka8 47. Qb5) 45... Ka6 $2 (45... Kc5 46. Qxa5+ Kd4) 46. Qa8+ Kb6 47. Qb8+ Kc5 48. Qa7+ Kc4 $2 (48... Kc6 $18 49. Qxa5 Qa2) 49. Qxf7+ {[%mdl 64] Double Attack. White mates.} Kc3 50. Qxb3+ Kxb3 {KP-KP} 51. e6 Ka2 52. e7 b3 53. e8=Q b2 54. Qb5 h5 55. e5 Ka3 {[#]} 56. Qxb2+ $1 {Av CentiPawn Loss W=-27/B=-57. Weighted=-35/-53} 1-0

[Event "GER-ch Youth U14 2020"]
[Site "Willingen"]
[Date "2020.10.20"]
[Round "1.20"]
[White "Lerchl, Clemens"]
[Black "Huo, Da"]
[Result "1-0"]
[WhiteElo "1699"]
[BlackElo "1868"]
[Annotator "NA RC"]
[PlyCount "69"]
[EventDate "2020.10.20"]
[EventType "swiss"]
[EventRounds "7"]
[EventCountry "GER"]
[SourceTitle "playchess.com"]
[Source "ChessBase"]
[SourceQuality "1"]
[TimeControl "40/5400+30:1800+30"]

{[%evp 11,68,14,26,19,16,12,18,0,0,-8,39,-16,-31,-45,-7,0,0,-1,32767,32767,39,32767,32767,32767,32767,32767,32767,1,53,57,32767,43,32767,80,32767,32767,112,32767,32767,32767,32767,32767,32767,32767,32767,32767,32767,32767,1715,32767,1845,32767,32767,32767,32767,32767,32767,32767,29996]} 1. e4 {[%emt 0:00:00]} c5 {[%emt 0:00:00]} 2. Nf3 {[%emt 0:00:00]} d6 {[%emt 0:00:00]} 3. d4 {[%emt 0:00:00]} cxd4 {[%emt 0:00:00]} 4. Nxd4 {[%emt 0:00:00]} Nf6 {[%emt 0:00:00]} 5. Nc3 {[%emt 0:00:00]} Nc6 {[%emt 0:00:00]} 6. Be2 {[%emt 0:08:49]} e5 {[%emt 0:00:14]} 7. Nb3 {[%emt 0:02:02]} Be6 {[%emt 0:01:26]} 8. O-O {[%emt 0:01:57]} Be7 {[%emt 0:00:58]} 9. Be3 {[%emt 0:03:50]} O-O {[%emt 0:00:25]} 10. f4 {[%emt 0:04:33]} a5 {[%emt 0:07:37] B59: Classical Sicilian: 6 Be2 e5 7 Nb3.} ({Black should play} 10... exf4 $15 11. Rxf4 d5) 11. Nd2 {[%emt 0:23:21]} (11. f5 $14 Bd7 12. Bb5) 11... exf4 {[%emt 0:09:41]} 12. Bxf4 {[%emt 0:00:33]} Ne5 {[%emt 0:20:29]} 13. Kh1 {[%emt 0:03:53]} Rc8 {[%emt 0:11:53]} 14. Nf3 {[%emt 0:02:03]} Ng6 {[%emt 0:08:32]} 15. Be3 {[%emt 0:06:47]} Ne5 {[%emt 0:15:02]} 16. Bf4 {[%emt 0:01:54]} Nc4 {[%emt 0:09:02] [#]} 17. Nd5 $146 {[%emt 0:19:28]} ({Predecessor:} 17. Bxc4 Bxc4 18. Re1 Ng4 19. Qd4 Rc6 20. h3 Bf6 21. e5 Nxe5 22. Nxe5 dxe5 23. Qxd8 Bxd8 24. Bxe5 Be6 25. Re2 {0-1 (36) Presznyak,I (2305)-Madl,I (2375) Hungary 1992}) 17... Nxd5 {[%emt 0:06:12]} 18. exd5 {[%emt 0:00:38]} Bg4 {[%emt 0:01:09]} 19. b3 {[%emt 0:07:43]} Nb6 {[%emt 0:02:02]} (19... Bxf3 $5 20. Bxf3 Ne5 $14) 20. c4 {[%emt 0:01:02]} Bf6 {[%emt 0:00:36]} 21. Rc1 {[%emt 0:00:55]} Re8 {[%emt 0:01:29]} 22. Bd3 {[%emt 0:01:34]} h6 {[%emt 0:00:36]} 23. h3 {[%emt 0:01:10]} Bh5 {[%emt 0:01:30]} 24. g4 {[%emt 0:01:24]} Bg6 {[%emt 0:00:11]} 25. Bxg6 {[%emt 0:00:16]} fxg6 {[%emt 0:00:04]} 26. Qd3 {[%emt 0:01:02]} g5 {[%emt 0:00:40]} 27. Bg3 {[%emt 0:00:39]} Na8 {[%emt 0:01:02]} 28. Nd4 {[%emt 0:02:55]} Nc7 {[%emt 0:00:58]} 29. Nf5 {[%emt 0:03:16]} Be5 {[%emt 0:00:25]} 30. Bxe5 {[%emt 0:00:40]} Rxe5 {[%emt 0:01:20]} 31. Nxh6+ {[%emt 0:00:43]} gxh6 {[%emt 0:01:21]} 32. Qg6+ {[%emt 0:00:07]} Kh8 {[%emt 0:00:02]} 33. Qxh6+ {[%emt 0:00:03]} Kg8 {[%emt 0:00:05]} 34. Qg6+ {[%emt 0:00:08]} Kh8 {[%emt 0:00:11]} 35. Rf7 {[%emt 0:00:26]} 1-0

[Event "GER-ch Youth U14 2020"]
[Site "Willingen"]
[Date "2020.10.20"]
[Round "1.21"]
[White "Stork, Christopher"]
[Black "Brunner, Alexander"]
[Result "1/2-1/2"]
[WhiteElo "1869"]
[BlackElo "1692"]
[Annotator "NA RC"]
[PlyCount "105"]
[EventDate "2020.10.20"]
[EventType "swiss"]
[EventRounds "7"]
[EventCountry "GER"]
[SourceTitle "playchess.com"]
[Source "ChessBase"]
[SourceQuality "1"]
[TimeControl "40/5400+30:1800+30"]

{[%evp 11,101,18,14,14,26,2,0,-1,-5,-6,-1,-19,39,14,61,23,33,30,34,15,77,77,56,61,58,64,70,32767,32767,32767,117,114,32767,32767,32767,133,143,34,37,31,32767,32767,32767,32,32767,0,0,0,0,32767,32767,32767,32767,32767,32767,32767,32767,32767,32767,32767,32767,100,32767,8,32767,32767,32767,32767,32767,32767,32767,32767,32767,87,32767,32767,32767,32767,8,32767,32767,0,32767,0,0,32767,32767,32767,32767,32767,32767,0]} 1. e4 {[%emt 0:00:00]} c5 {[%emt 0:00:00]} 2. Nf3 {[%emt 0:00:00]} d6 {[%emt 0:00:00]} 3. d4 {[%emt 0:00:01]} cxd4 {[%emt 0:00:16]} 4. Nxd4 {[%emt 0:00:08]} Nf6 {[%emt 0:00:16]} 5. Nc3 {[%emt 0:00:48]} a6 {[%emt 0:00:22]} 6. Be2 {[%emt 0:03:32]} e5 {[%emt 0:02:31]} 7. Nb3 {[%emt 0:00:48]} Be6 {[%emt 0:01:45]} 8. Bg5 {[%emt 0:06:43]} Be7 {[%emt 0:02:50]} 9. Bxf6 {[%emt 0:06:38]} Bxf6 {[%emt 0:03:30]} 10. Nd5 {[%emt 0:01:02]} Nd7 {[%emt 0:02:58] B92: Sicilian Najdorf: 6 Be2.} 11. Bg4 {[%emt 0:04:12] [#]} Bxd5 $146 {[%emt 0:07:42]} (11... O-O $11) ({Predecessor:} 11... Rc8 12. c3 O-O 13. O-O Bg5 14. h3 a5 15. a4 g6 16. Be2 f5 17. Bb5 Nf6 18. Nxf6+ Rxf6 {1-0 (30) Danin,A (2522)-Rakotomaharo,F (2429) Germany 2019}) 12. Qxd5 {[%emt 0:01:13]} Qc7 {[%emt 0:16:20]} 13. Rd1 {[%emt 0:06:10]} Be7 {[%emt 0:01:22]} 14. Bxd7+ {[%emt 0:12:03]} Qxd7 {[%emt 0:01:04]} 15. Nc5 {[%emt 0:06:31]} Qc6 {[%emt 0:05:17]} (15... Qc7 $11 16. Nd3 (16. Qxb7 Rc8 $11) (16. Nxb7 O-O $11) 16... a5) 16. Nxb7 Qxd5 {[%emt 0:01:33]} 17. Rxd5 {[%emt 0:06:39]} Rb8 {[%emt 0:00:17]} 18. Nxd6+ {[%emt 0:00:06]} Bxd6 {[%emt 0:00:10]} 19. Rxd6 {[%emt 0:00:05]} Rxb2 {[%emt 0:00:32]} 20. Rxa6 {[%emt 0:00:56]} Ke7 {[%emt 0:01:52]} ({Black should play} 20... Rb1+ $14 21. Ke2 Rxh1 22. Ra8+ Ke7 23. Rxh8 Rxh2) 21. Kd2 {[%emt 0:02:09]} Rc8 {[%emt 0:05:06]} 22. Rc1 {[%emt 0:00:18]} Rb4 {[%emt 0:00:56]} 23. Ra7+ {[%emt 0:07:44]} Ke6 {[%emt 0:00:40]} 24. Ra3 {[%emt 0:06:45]} (24. f3 $16) 24... Rxe4 {[%emt 0:00:32]} 25. f3 {[%emt 0:00:51]} Rh4 {[%emt 0:04:32]} 26. h3 {[%emt 0:00:33]} f5 {[%emt 0:00:16]} 27. Re1 {[%emt 0:02:17]} Rd4+ {[%emt 0:06:33]} 28. Rd3 {[%emt 0:01:48]} Rdc4 {[%emt 0:01:13]} 29. Rc1 {[%emt 0:00:38]} g5 {[%emt 0:05:21]} 30. Ra3 {[%emt 0:01:44]} h5 {[%emt 0:05:53]} 31. c3 {[%emt 0:00:53]} g4 {[%emt 0:01:10]} 32. hxg4 {[%emt 0:01:42]} hxg4 {[%emt 0:00:48]} 33. Rh1 {[%emt 0:00:52]} gxf3 {[%emt 0:04:48]} 34. Rh6+ {[%emt 0:01:13]} Kd5 {[%emt 0:01:13]} 35. gxf3 {[%emt 0:01:17]} R4c5 {[%emt 0:02:36] [#]} 36. Rf6 $1 {[%emt 0:02:01]} Rd8 {[%emt 0:01:45]} 37. Kc2 {[%emt 0:02:17]} (37. Raa6 $16) 37... f4 {[%emt 0:02:45]} 38. Raa6 {[%emt 0:02:14]} Rg8 {[%emt 0:02:08]} 39. Rfd6+ {[%emt 0:01:45]} Kc4 {[%emt 0:00:18]} 40. Ra4+ {[%emt 0:00:28]} Kb5 {[%emt 0:00:10]} 41. Rb4+ {[%emt 0:30:26]} Ka5 {[%emt 0:30:29]} 42. Rd7 $2 {[%emt 0:00:42]} (42. Kb3 $18 {has better winning chances.} Rb5 43. a4) 42... Rb5 {[%emt 0:01:07]} 43. Rxb5+ {[%emt 0:00:16]} Kxb5 {[%emt 0:00:02]} 44. Kd3 {[%emt 0:01:34]} Kc6 $1 {[%emt 0:02:50]} 45. Ra7 {[%emt 0:01:04]} Rg1 {[%emt 0:02:50]} 46. Ra4 {[%emt 0:02:21]} Rf1 {[%emt 0:00:00]} 47. Ke2 {[%emt 0:00:00]} Rc1 {[%emt 0:00:00]} 48. c4 {[%emt 0:00:00]} Rc3 {[%emt 0:00:00]} 49. Ra5 {[%emt 0:00:00]} Re3+ {[%emt 0:00:00]} 50. Kf2 {[%emt 0:00:00]} e4 {[%emt 0:00:00]} 51. fxe4 $11 {[%emt 0:00:00]} Rxe4 {[%emt 0:00:00]} 52. Kf3 {[%emt 0:00:00]} Rxc4 {[%emt 0:00:00]} 53. Rf5 {[%emt 0:00:00]} 1/2-1/2